Giáo trình tư tưởng Hồ Chí Minh

שמור ב:
מידע ביבליוגרפי
מחבר ראשי: Đặng, Xuân Kỳ
פורמט: ספר
שפה:Undetermined
יצא לאור: Hà Nội Chính trị Quốc gia 2008
נושאים:
תגים: הוספת תג
אין תגיות, היה/י הראשונ/ה לתייג את הרשומה!
Thư viện lưu trữ: Trung tâm Học liệu Trường Đại học Cần Thơ
LEADER 00678nam a2200205Ia 4500
001 CTU_139970
008 210402s9999 xx 000 0 und d
020 |c 53000 
082 |a 324.2075092 
082 |b K600 
100 |a Đặng, Xuân Kỳ 
245 0 |a Giáo trình tư tưởng Hồ Chí Minh 
245 0 |c Đặng Xuân Kỳ (chủ biên), Vũ Khiêu, Song Thành ... [et al.] 
260 |a Hà Nội 
260 |b Chính trị Quốc gia 
260 |c 2008 
650 |a Ho Chi Minh, 1890-1969,Tư tưởng Hồ Chí Minh 
650 |x Biography 
904 |i Hạ Nguyên 
980 |a Trung tâm Học liệu Trường Đại học Cần Thơ